Tài liệu hội nghị tập huấn chuyên sâu Bộ luật hình sự năm 1999 : (Tài liệu dùng cho báo cáo viên)

Nội dung sách giới thiệu Bộ luật hình sự Nước Cộng Hòa Xã Hội Chủ Nghĩa Việt Nam (1999) và nhiệm vụ thể chế hóa về mặt Nhà nước chính sách hình sự của Đảng trong thời kỳ đổi mới.

Salvato in:
Dettagli Bibliografici
Autore principale: Nguyễn, Đình Lộc
Natura: Libro
Lingua:Undetermined
Pubblicazione: Hà Nội Bộ Tư pháp 2000
Soggetti:
Tags: Aggiungi Tag
Nessun Tag, puoi essere il primo ad aggiungerne! !
Thư viện lưu trữ: Trung tâm Học liệu Trường Đại học Cần Thơ
LEADER 01011nam a2200217Ia 4500
001 CTU_227511
008 210402s9999 xx 000 0 und d
082 |a 345.597 
082 |b L451 
100 |a Nguyễn, Đình Lộc 
245 0 |a Tài liệu hội nghị tập huấn chuyên sâu Bộ luật hình sự năm 1999 : 
245 0 |b (Tài liệu dùng cho báo cáo viên) 
245 0 |c Nguyễn Đình Lộc 
260 |a Hà Nội 
260 |b Bộ Tư pháp 
260 |c 2000 
520 |a Nội dung sách giới thiệu Bộ luật hình sự Nước Cộng Hòa Xã Hội Chủ Nghĩa Việt Nam (1999) và nhiệm vụ thể chế hóa về mặt Nhà nước chính sách hình sự của Đảng trong thời kỳ đổi mới. 
650 |a Luật hình sự,Criminal law 
650 |z Việt Nam,Vietnam 
910 |b dqhieu 
980 |a Trung tâm Học liệu Trường Đại học Cần Thơ